|
|
|
|
| LEADER |
00000nam0a2200000 4500 |
| 001 |
217206 |
| 005 |
20231101230110.0 |
| 010 |
|
|
|a 1904549071
|
| 035 |
|
|
|a (RuTPU)RU\TPU\book\237197
|
| 090 |
|
|
|a 217206
|
| 100 |
|
|
|a 20120601d2005 m y0engy50 ba
|
| 101 |
0 |
|
|a eng
|
| 102 |
|
|
|a GB
|
| 105 |
|
|
|a a j 001zy
|
| 200 |
1 |
|
|a Lessons in Your Rucksack. The complete TEFL survival quide
|f J. Hughes
|
| 210 |
|
|
|a London
|c Modern English Publishing
|d 2005
|
| 215 |
|
|
|a 188 p.
|c il.
|
| 225 |
1 |
|
|a Modern English Publishing
|
| 320 |
|
|
|a Index: p. 184-188.
|
| 606 |
1 |
|
|a Английский язык
|x Содержание и методика преподавания языка в высшей школе
|2 stltpush
|3 (RuTPU)RU\TPU\subj\29068
|9 52480
|
| 610 |
1 |
|
|a лексика
|
| 610 |
1 |
|
|a грамматика
|
| 610 |
1 |
|
|a разговорная речь
|
| 610 |
1 |
|
|a методика
|
| 610 |
1 |
|
|a обучение
|
| 610 |
1 |
|
|a преподавание
|
| 686 |
|
|
|a Ш143.21-91
|v LBC/SL-A
|2 rubbk
|
| 700 |
|
1 |
|a Hughes
|b J.
|g John
|
| 801 |
|
1 |
|a RU
|b 63413507
|c 20120601
|
| 801 |
|
2 |
|a RU
|b 63413507
|c 20120607
|g RCR
|
| 942 |
|
|
|c BK
|